| 000 | 00725nam a22002412a 4500 | ||
|---|---|---|---|
| 001 | 16360 | ||
| 003 | BD-RjUL | ||
| 005 | 20211209000011.0 | ||
| 008 | 140213s1947 enk 001 0 eng d | ||
| 035 | _a(BD-RjUL)16415 | ||
| 040 |
_aDLC _cWEL _dOCL _dEQO _dBD-RjUL _beng |
||
| 041 | 1 | _aengchi | |
| 082 | 0 | 0 |
_a181.11 _bYUS 1947 |
| 100 | 1 |
_a Yulan, Fung _d1895-1990 _950577 |
|
| 245 | 1 | 4 |
_aThe spirit of Chinese philosophy. / _c by Fung Yulan |
| 260 |
_aLondon : _bK. Paul, Trench, Trübner, _c1947 |
||
| 300 |
_axiv, 224 p. ; _c23 cm |
||
| 504 | _aInclude index | ||
| 650 | 0 |
_aPhilosophy, Chinese _z Chinese _950578 |
|
| 700 | 1 |
_aHughes, E. R. _q(Ernest Richard), _d1883-1956. _950579 |
|
| 942 |
_2ddc _cBK |
||
| 999 |
_c16360 _d16360 |
||